Countries Farther North Than Italy - Sudden Death - Statistics

General Stats
  • This quiz has been taken 53 times
  • The average score is 13 of 18
Answers on the Grid
Answers color-coded by a green-red scale on the quiz's grid according to % correct below.
Albania
Armenia
Belgium
Canada
Croatia
Denmark
Estonia
Finland
France
Guatemala
Hungary
Ireland
Kosovo
Kuwait
Latvia
Lebanon
Liechtenstein
Luxembourg
Malta
Moldova
Norway
Poland
Romania
Russia
Serbia
Singapore
South Korea
Spain
Sri Lanka
Sweden
Switzerland
Uzbekistan
 
Answer Stats
Answer % Correct
Canada
97%
Belgium
88%
Finland
88%
Denmark
84%
Estonia
84%
Liechtenstein
81%
Poland
81%
France
78%
Luxembourg
78%
Norway
78%
Ireland
75%
Russia
75%
Latvia
72%
Switzerland
59%
Hungary
56%
Sweden
56%
Moldova
41%
Romania
34%
No matching quizzes found
Score Distribution
Percent of People with Each Score
Percentile by Number Answered
Your Score History
You have not taken this quiz